|
|
|
|
| LEADER |
00000nam a2200000Ia 4500 |
| 008 |
170606b1995 cr ||||| |||| 00| | spa d |
| 999 |
|
|
|c 1316
|d 1316
|
| 090 |
|
|
|a 05.01.01
|b 1555
|
| 100 |
1 |
|
|a Aa, Pauline van der
|9 2906
|
| 245 |
1 |
0 |
|a Mujeres en el proceso de toma de decisiones en América Latina /
|c Pauline van der Aa
|
| 260 |
|
|
|a San José, Costa Rica :
|b Facultad Latinoamericana de Ciencias Sociales-FLACSO,
|c 1995
|
| 300 |
|
|
|a 67 páginas
|
| 490 |
|
|
|a Cuaderno de Ciencias Sociales,
|v no. 79
|
| 500 |
|
|
|a Trabajo presentado en la Sexta Conferencia Regional sobre la Integración de la Mujer en el Desarrollo Económico y Social de América latina y el Caribe
|
| 650 |
1 |
4 |
|a CIENCIAS SOCIALES
|9 276
|
| 650 |
1 |
4 |
|a MUJERES
|9 55
|
| 650 |
1 |
4 |
|a ASPECTOS SOCIALES
|9 576
|
| 651 |
|
4 |
|a AMÉRICA LATINA
|9 273
|
| 942 |
|
|
|i 002385
|h 05.01.01 1555
|2 z
|c 01
|